Normal view
MARC view
- Hamza Ali Zubair Ahmed Anosha Tahseen Tayyabah Hasnain
Entry Personal Name
001 - CONTROL NUMBER
- control field: 86205
003 - CONTROL NUMBER IDENTIFIER
- control field: NUST
005 - DATE AND TIME OF LATEST TRANSACTION
- control field: 20211209113803.0
008 - FIXED-LENGTH DATA ELEMENTS
- fixed length control field: 211209|| aca||aabn | a|a d
040 ## - CATALOGING SOURCE
- Original cataloging agency: NUST
- Transcribing agency: NUST
100 ## - HEADING--PERSONAL NAME
- Personal name: Hamza Ali Zubair Ahmed Anosha Tahseen Tayyabah Hasnain
670 ## - SOURCE DATA FOUND
- Source citation: Work cat.: (NUST): Hamza Ali Zubair Ahmed Anosha Tahseen Tayyabah Hasnain, PR-SOF-2073-Shunt Active Power FIlter, 2021.
